000 01723cam a2200157 4500500
005 20260208005821.0
041 _afre
042 _adc
100 1 0 _aRonzeaud, Pierre
_eauthor
245 0 0 _aLes Libertins du XVII° siècle, tome II. Édition établie, présentée et annotée par JACQUES PRÉVOT, avec la collaboration de LAURE JESTAZ et d’HÉLÈNE OSTROWIECKI-BAH. Éditions Gallimard, NRF, Bibliothèque de la Pléiade, 2004. Un volume relié, sous coffret illustré, 105 × 170 de 1 904 p., avec notices, notes et index des notes de langue.
260 _c2005.
500 _a85
520 _aTout occupé à signifier le mystère essentiel et l’opacité du réel, le roman, chez Jules Barbey d’Aurevilly comme chez Marcel Proust, est le lieu indécis d’une confrontation entre la poésie et le récit. Ainsi, quand la prose romanesque de Barbey prétend porter le deuil du poème perdu, la Recherche orchestre avec bonheur, au contraire, une unité retrouvée. Chez Proust, roman et recueil se confondent, prose et poésie se rejoignent et la question métaphysique trouve une réponse esthétique. Aux fondrières (en fait de fondations) sur lesquelles le « barbare à sensations » qu’est Barbey a bâti l’édifice jésuitique d’une œuvre dont le catholicisme a souvent éveillé le soupçon, peut alors succéder la « cathédrale » immense élevée à la gloire de la littérature par le « dilettante d’architecture » qui fonde notre modernité.
786 0 _nRevue d'histoire littéraire de la France | 105 | 3 | 2005-06-01 | p. 655j-764j | 0035-2411
856 4 1 _uhttps://shs.cairn.info/revue-d-histoire-litteraire-de-la-france-2005-3-page-655j?lang=fr&redirect-ssocas=7080
999 _c1653942
_d1653942